000 01004nam0a2200301 4500
001 RU\NLR\bibl\1466353
005 20260405193449.0
010 _a978-5-9533-4405-0
_95000
021 _aRU
_b2009-96084
_96102
035 _a(nilc)RSL-KNO-004421325
035 _a(NLR Aleph) 001458081
090 _a1565631
_c1565631
100 _a20091127d2009 |||y0rusy50 ca
101 0 _arus
102 _aRU
105 _ay zzzz|||||
200 1 _aСотрудник гестапо
_f[роман]
_fГенрих Гофман
210 _aМосква
_cВече
_d2009
215 _a380, [2] с.
_d17
225 1 _aВоенные приключения
_eВП
686 _aШ5(2=Р)75-644.6
_2rubbk
700 1 _4070
_8rus
_7ca
_aГофман
_bГ. Б.
_cсов. писатель
_f1922-1995
_gГенрих Борисович
_3RU\NLR\auth\7785247
_968175
801 0 _aRU
_bРГБ
_c20091127
_grcr
801 1 _aRU
_bРГБ
_c20091127
801 2 _aRU
_bNLR
_c20100129
_grcr
942 _cBOOK
980 _aNB